<?xml version="1.0" encoding="UTF-8"?>
<record
    xmlns:xsi="http://www.w3.org/2001/XMLSchema-instance"
    xsi:schemaLocation="http://www.loc.gov/MARC21/slim http://www.loc.gov/standards/marcxml/schema/MARC21slim.xsd"
    xmlns="http://www.loc.gov/MARC21/slim">

  <leader>00742nam a2200229 a 4500</leader>
  <controlfield tag="005">20140311163029.0</controlfield>
  <controlfield tag="008">100303s19uu    xx            00    eng d</controlfield>
  <datafield tag="020" ind1=" " ind2=" ">
    <subfield code="a">9789812722874</subfield>
  </datafield>
  <datafield tag="050" ind1=" " ind2=" ">
    <subfield code="a">RM 301</subfield>
    <subfield code="b">.Z58 2008</subfield>
  </datafield>
  <datafield tag="100" ind1=" " ind2=" ">
    <subfield code="a">Zerwekh, JoAnn</subfield>
  </datafield>
  <datafield tag="245" ind1=" " ind2=" ">
    <subfield code="a">Mosby's pharmacology memory note cards :</subfield>
    <subfield code="b">visual, mnemonic, and memory aids for nurses /</subfield>
    <subfield code="c">JoAnn Zerwekh, Jo Carol Claborn, Tom Gaglione.</subfield>
  </datafield>
  <datafield tag="250" ind1=" " ind2=" ">
    <subfield code="a">2nd. ed.</subfield>
  </datafield>
  <datafield tag="260" ind1=" " ind2=" ">
    <subfield code="a">Singapore :</subfield>
    <subfield code="b">Elsevier,</subfield>
    <subfield code="c">2008.</subfield>
  </datafield>
  <datafield tag="300" ind1=" " ind2=" ">
    <subfield code="a">188 p. :</subfield>
    <subfield code="b">ill. col. ;</subfield>
    <subfield code="c">15 cm.</subfield>
  </datafield>
  <datafield tag="521" ind1=" " ind2=" ">
    <subfield code="a">NUR</subfield>
  </datafield>
  <datafield tag="650" ind1=" " ind2=" ">
    <subfield code="a">Pharmacology</subfield>
    <subfield code="x">Nurse's instruction.</subfield>
  </datafield>
  <datafield tag="650" ind1=" " ind2=" ">
    <subfield code="a">Drug Theraphy</subfield>
    <subfield code="x">Nurse's instruction.</subfield>
  </datafield>
  <datafield tag="700" ind1=" " ind2=" ">
    <subfield code="a">Claborn, Jo Carol</subfield>
  </datafield>
  <datafield tag="700" ind1=" " ind2=" ">
    <subfield code="a">Gaglione, Tom</subfield>
  </datafield>
  <datafield tag="942" ind1=" " ind2=" ">
    <subfield code="c">BK</subfield>
    <subfield code="2">lcc</subfield>
    <subfield code="k">FOR</subfield>
  </datafield>
  <datafield tag="999" ind1=" " ind2=" ">
    <subfield code="c">39601</subfield>
    <subfield code="d">39601</subfield>
  </datafield>
  <datafield tag="952" ind1=" " ind2=" ">
    <subfield code="0">0</subfield>
    <subfield code="1">0</subfield>
    <subfield code="2">lcc</subfield>
    <subfield code="4">0</subfield>
    <subfield code="a">CL</subfield>
    <subfield code="b">CL</subfield>
    <subfield code="c">GC</subfield>
    <subfield code="d">2010-03-03</subfield>
    <subfield code="e">DONATION</subfield>
    <subfield code="g">498.00</subfield>
    <subfield code="l">1</subfield>
    <subfield code="m">13</subfield>
    <subfield code="o">RM 301 .Z58 2008</subfield>
    <subfield code="p">C10790</subfield>
    <subfield code="r">2018-05-15 00:00:00</subfield>
    <subfield code="s">2016-11-22</subfield>
    <subfield code="t">1</subfield>
    <subfield code="w">2013-10-18</subfield>
    <subfield code="y">BK</subfield>
  </datafield>
</record>
